| 000 | 00707cam a2200241u 4500 | ||
|---|---|---|---|
| 001 | 17678 | ||
| 003 | BD-RjUL | ||
| 005 | 20211209000157.0 | ||
| 008 | 140217t1951 nyu 001 0 eng | ||
| 035 | _a(BD-RjUL)17736 | ||
| 040 |
_aDLC _cCarP _dDLC _dBD-RjUL _beng |
||
| 041 | _aeng | ||
| 082 | 0 | 4 |
_a810 _bALA 1951 |
| 100 | 1 |
_aAldridge, John W. _954085 |
|
| 245 | 1 | 0 |
_aAfter the lost generation : _ba critical study of the writers of two wars / |
| 260 |
_aNew York : _bMcGraw-Hill, _cc1951. |
||
| 300 |
_axv, 263 p. ; _c21 cm. |
||
| 504 | _aincludes index. | ||
| 650 | 0 |
_aAmerican fiction _y20th century _xHistory and criticism. _952286 |
|
| 942 |
_2ddc _cBK |
||
| 999 |
_c17678 _d17678 |
||